[Event "Pan American-ch U20 Girls"]
[Site "Asuncion"]
[Date "2025.06.17"]
[Round "6"]
[White "Bravo Mallco, Kate Azumi"]
[Black "Brito Carrascal, Isabela"]
[Result "1-0"]
[WhiteElo "2150"]
[BlackElo "2039"]
[PlyCount "97"]
[EventDate "2025.06.14"]
[EventType "swiss"]
[EventRounds "9"]
[EventCountry "PAR"]
[SourceTitle "CB26_2025"]
[SourceDate "2025.06.25"]
[SourceVersion "1"]
[SourceVersionDate "2025.06.25"]
[SourceQuality "1"]

1. e4 c5 2. Nf3 Nc6 3. d4 cxd4 4. Nxd4 e6 5. Nc3 a6 6. Be3 Qc7 7. g4 Nxd4 8. Qxd4 Ne7 9. f4 b5 10. 0-0-0 Nc6 11. Qb6 Qxb6 12. Bxb6 Bb7 13. a4 b4 14. Nb1 Ne7 15. Bg2 h5 16. g5 d5 17. Rhe1 dxe4 18. Bxe4 Bxe4 19. Rxe4 g6 20. Bc5 a5 21. Bd4 Rg8 22. Bc5 Nf5 23. Bxf8 Rxf8 24. Nd2 Nd6 25. Rd4 Ke7 26. Nf3 Rfd8 27. Ne5 Rac8 28. b3 h4 29. R1d3 Rc5 30. Kd2 Rcc8 31. Kd1 Rc5 32. Kd2 Rcc8 33. Kd1 Rc5 34. c3 bxc3 35. Kc2 h3 36. Rxh3 Nb5 37. Nxg6+ fxg6 38. Rh7+ Ke8 39. Rh8+ Ke7 40. Rdxd8 Na3+ 41. Kc1 c2 42. Rhe8+ Kf7 43. Rc8 Rd5 44. Red8 Ke7 45. Rxd5 exd5 46. Kb2 d4 47. Kxa3 d3 48. Kb2 Kd7 49. Rc3 1-0

[Event "Pan American-ch U20 Girls"]
[Site "Asuncion"]
[Date "2025.06.16"]
[Round "4"]
[White "Bravo Mallco, Kate Azumi"]
[Black "Yepez Montenegro, Gloria Luz"]
[Result "1-0"]
[WhiteElo "2150"]
[BlackElo "1882"]
[PlyCount "75"]
[EventDate "2025.06.14"]
[EventType "swiss"]
[EventRounds "9"]
[EventCountry "PAR"]
[SourceTitle "CB26_2025"]
[SourceDate "2025.06.25"]
[SourceVersion "1"]
[SourceVersionDate "2025.06.25"]
[SourceQuality "1"]

1. e4 e6 2. d4 d5 3. Nc3 Nf6 4. Bg5 Be7 5. e5 Nfd7 6. h4 h6 7. Bxe7 Qxe7 8. f4 a6 9. Qg4 0-0 10. Bd3 c5 11. dxc5 Nc6 12. Qg3 Qxc5 13. 0-0-0 b5 14. h5 b4 15. Nce2 a5 16. Kb1 a4 17. Nf3 Ba6 18. f5 exf5 19. Bxa6 Rxa6 20. Ned4 Nxd4 21. Nxd4 Rc8 22. Rd2 f4 23. Qxf4 a3 24. Rf1 f6 25. e6 Ne5 26. Nf5 b3 27. cxb3 axb2 28. Rxb2 Nd3 29. b4 Qa7 30. Qg3 Nxb2 31. e7 g5 32. Re1 Re8 33. Qf3 Qb7 34. Nxh6+ Kh8 35. Qf5 Rxe7 36. Rxe7 Qxe7 37. Qc8+ Kh7 38. Qg8+ 1-0

[Event "South America-ch U20 Girls 19th"]
[Site "Santa Cruz de la Sierra"]
[Date "2024.09.01"]
[Round "7"]
[White "Brito Carrascal, Isabela"]
[Black "Bravo Mallco, Kate Azumi"]
[Result "0-1"]
[WhiteElo "1818"]
[BlackElo "1961"]
[PlyCount "70"]
[EventDate "2024.08.28"]
[EventType "swiss"]
[EventRounds "9"]
[EventCountry "BOL"]
[SourceTitle "EXT 2025"]
[Source "ChessBase"]
[SourceDate "2024.10.14"]
[SourceVersion "1"]
[SourceVersionDate "2024.10.14"]
[SourceQuality "1"]

1. e4 c5 2. Nf3 Nc6 3. d4 cxd4 4. Nxd4 Nf6 5. Nc3 d6 6. f3 e6 7. Be3 a6 8. Qd2 Qc7 9. g4 h6 10. 0-0-0 b5 11. Nxc6 Qxc6 12. a3 Bb7 13. Rg1 0-0-0 14. Ne2 Qc7 15. Kb1 d5 16. e5 Nd7 17. f4 Nb6 18. Nd4 Nc4 19. Bxc4 dxc4 20. Qc3 Rd5 21. Qe1 a5 22. c3 Be7 23. Rf1 Rhd8 24. Bg1 Kb8 25. Ka2 b4 26. axb4 axb4 27. cxb4 Qb6 28. b5 Bc5 29. Nc6+ Bxc6 30. Bxc5 Qxc5 31. Rxd5 Bxd5 32. Qa5 c3+ 33. Kb1 c2+ 34. Kc1 Qe3+ 35. Kxc2 Be4# 0-1

[Event "South America-ch U20 Girls 19th"]
[Site "Santa Cruz de la Sierra"]
[Date "2024.08.30"]
[Round "4"]
[White "Bravo Mallco, Kate Azumi"]
[Black "Contreras Huaman, Fiorella Daiana"]
[Result "1/2-1/2"]
[WhiteElo "1961"]
[BlackElo "2061"]
[PlyCount "79"]
[EventDate "2024.08.28"]
[EventType "swiss"]
[EventRounds "9"]
[EventCountry "BOL"]
[SourceTitle "EXT 2025"]
[Source "ChessBase"]
[SourceDate "2024.10.14"]
[SourceVersion "1"]
[SourceVersionDate "2024.10.14"]
[SourceQuality "1"]

1. e4 c6 2. d4 d5 3. e5 Bf5 4. g4 Be4 5. f3 Bg6 6. e6 Qd6 7. exf7+ Bxf7 8. Nc3 Nd7 9. f4 g5 10. fxg5 e5 11. Be3 Bg7 12. Qd2 Ne7 13. 0-0-0 Rd8 14. Nf3 0-0 15. Bg2 c5 16. dxe5 Nxe5 17. Bf4 N7g6 18. Nxe5 Nxe5 19. Bxd5 Qa6 20. Bxe5 Bxd5 21. Nxd5 Qxa2 22. c3 Bxe5 23. Ne7+ Kh8 24. Qxd8 Rxd8 25. Rxd8+ Kg7 26. Nf5+ Kg6 27. Rhd1 Bf4+ 28. Kc2 Qa4+ 29. b3 Qa2+ 30. Kd3 Qxb3 31. Ke4 Bc7 32. Rg8+ Kf7 33. Rg7+ Kf8 34. Rdd7 Qc4+ 35. Nd4 cxd4 36. Rxc7 Qe6+ 37. Kxd4 Qxg4+ 38. Kd3 Qf3+ 39. Kc2 Qe2+ 40. Kb3 1/2-1/2

[Event "South America-ch U20 Girls 19th"]
[Site "Santa Cruz de la Sierra"]
[Date "2024.08.28"]
[Round "1"]
[White "Gareca Ordonez, Carla Angelica"]
[Black "Bravo Mallco, Kate Azumi"]
[Result "0-1"]
[WhiteElo "1771"]
[BlackElo "1961"]
[PlyCount "62"]
[EventDate "2024.08.28"]
[EventType "swiss"]
[EventRounds "9"]
[EventCountry "BOL"]
[SourceTitle "EXT 2025"]
[Source "ChessBase"]
[SourceDate "2024.10.14"]
[SourceVersion "1"]
[SourceVersionDate "2024.10.14"]
[SourceQuality "1"]

1. Nf3 Nf6 2. g3 g6 3. Bg2 Bg7 4. 0-0 c5 5. c4 0-0 6. d4 cxd4 7. Nxd4 Nc6 8. Nc3 Nxd4 9. Qxd4 d6 10. e4 Be6 11. Qd3 Ng4 12. b3 Ne5 13. Qe3 Rc8 14. Bb2 Bxc4 15. bxc4 Nxc4 16. Qxa7 Nxb2 17. Nd5 e6 18. Nf4 Nc4 19. Rad1 Qd7 20. f3 Ra8 21. Qf2 Qa4 22. Bh3 Rfe8 23. Rfe1 b5 24. Rb1 Na3 25. Rbd1 Nc2 26. Re2 Bd4 27. Rxd4 Nxd4 28. Rd2 Nc6 29. Rxd6 Ne5 30. Qc5 Nxf3+ 31. Kg2 Qxe4 0-1

[Event "PER-ch (Women)"]
[Site "Lima"]
[Date "2024.07.12"]
[Round "11"]
[White "Maravi Ceron, Ayme Jacqueline"]
[Black "Bravo Mallco, Kate Azumi"]
[Result "1-0"]
[WhiteElo "1756"]
[BlackElo "2045"]
[PlyCount "111"]
[EventDate "2024.07.06"]
[EventType "tourn"]
[EventRounds "11"]
[EventCountry "PER"]
[SourceTitle "EXT 2025"]
[Source "ChessBase"]
[SourceDate "2024.10.14"]
[SourceVersion "1"]
[SourceVersionDate "2024.10.14"]
[SourceQuality "1"]

1. e4 c5 2. Nf3 d6 3. d4 cxd4 4. Nxd4 Nf6 5. Nc3 e6 6. Be3 a6 7. f3 b5 8. g4 h6 9. Qd2 Nbd7 10. 0-0-0 b4 11. Nce2 d5 12. exd5 Nxd5 13. Nf4 Nxe3 14. Qxe3 e5 15. Nf5 Qg5 16. Nd5 Qxe3+ 17. Nfxe3 Bc5 18. Nf5 Kf8 19. Bc4 g6 20. Ng3 Rb8 21. Ne4 Ba7 22. Nd6 a5 23. Rhe1 Rh7 24. f4 Bc5 25. Ne4 exf4 26. Nxc5 Nxc5 27. Nf6 Kg7 28. Nxh7 Bxg4 29. Rd4 Kxh7 30. Rxf4 Bf5 31. Re7 Rb7 32. Rxb7 Nxb7 33. Bxf7 Kg7 34. Bb3 Kf6 35. Rc4 Nd6 36. Rc6 Ke5 37. Rc5+ Kf4 38. Rxa5 g5 39. Ra6 Ke5 40. Rb6 h5 41. Rxb4 g4 42. Rb8 Kf4 43. Bd5 Ne4 44. Bxe4 Bxe4 45. Rh8 Kg5 46. a4 h4 47. Rg8+ Bg6 48. Rd8 Be4 49. a5 h3 50. Rd2 Kf4 51. a6 g3 52. hxg3+ Kxg3 53. b4 Bg2 54. Rd3+ Bf3 55. Rxf3+ Kxf3 56. a7 1-0

[Event "PER-ch (Women)"]
[Site "Lima"]
[Date "2024.07.11"]
[Round "10"]
[White "Bravo Mallco, Kate Azumi"]
[Black "Hilario Huaranca, Aleyla Karen"]
[Result "1/2-1/2"]
[WhiteElo "2045"]
[BlackElo "1935"]
[PlyCount "25"]
[EventDate "2024.07.06"]
[EventType "tourn"]
[EventRounds "11"]
[EventCountry "PER"]
[SourceTitle "EXT 2025"]
[Source "ChessBase"]
[SourceDate "2024.10.14"]
[SourceVersion "1"]
[SourceVersionDate "2024.10.14"]
[SourceQuality "1"]

1. e4 e5 2. Nf3 Nc6 3. Bc4 Nf6 4. d3 Bc5 5. c3 d6 6. 0-0 a6 7. b4 Ba7 8. Re1 0-0 9. Be3 Bxe3 10. Rxe3 Ne7 11. Bb3 Ng6 12. Nbd2 Be6 13. d4 1/2-1/2

[Event "American Continental Rapid 18th"]
[Site "Medellin"]
[Date "2024.06.01"]
[Round "2"]
[White "Bravo Mallco, Kate Azumi"]
[Black "Cordoba Roa, Angel Gabriel"]
[Result "0-1"]
[WhiteElo "2080"]
[BlackElo "2325"]
[PlyCount "140"]
[EventDate "2024.06.01"]
[EventType "swiss (rapid)"]
[EventRounds "9"]
[EventCountry "COL"]
[SourceTitle "CBM 220 Extra"]
[Source "ChessBase"]
[SourceDate "2024.07.31"]
[SourceVersion "1"]
[SourceVersionDate "2024.07.31"]
[SourceQuality "1"]

1. e4 e5 2. Nf3 Nc6 3. Bc4 Nf6 4. d3 Bc5 5. 0-0 d6 6. c3 a5 7. a4 0-0 8. Nbd2 Ba7 9. Re1 Ne7 10. Nf1 Ng6 11. Be3 Bxe3 12. Rxe3 c6 13. Bb3 d5 14. exd5 Nxd5 15. Re1 Re8 16. Ne3 Ndf4 17. Bc2 Qf6 18. h3 Rd8 19. Ng4 Bxg4 20. hxg4 Ne6 21. Nd2 Rd7 22. Qf3 Qe7 23. Nc4 Re8 24. Qg3 f6 25. Rad1 Qd8 26. Qe3 Ngf4 27. Nb6 Rd6 28. Nc4 Nd5 29. Qf3 Rd7 30. Ne3 Ng5 31. Qg3 Kf8 32. Nf5 g6 33. Ne3 Kg7 34. Bb1 Nf4 35. Nc4 b5 36. Na3 bxa4 37. Bc2 Nge6 38. Qe3 Qb8 39. Nc4 Nd5 40. Qg3 a3 41. bxa3 Nxc3 42. Rc1 Nd4 43. Bd1 Nxd1 44. Rcxd1 a4 45. g5 Qd8 46. gxf6+ Qxf6 47. Nxe5 Rde7 48. f4 g5 49. Re4 Nf5 50. Qg4 h5 51. fxg5 hxg4 52. gxf6+ Kxf6 53. Nxg4+ Kg5 54. Rxa4 Re2 55. Nh2 Ne3 56. Nf3+ Kf6 57. Rd2 Nxg2 58. Rxe2 Rxe2 59. Rc4 Ra2 60. Rxc6+ Kf5 61. Rc4 Nf4 62. a4 Nxd3 63. Nd4+ Kg4 64. Rc2 Ra1+ 65. Kh2 Rxa4 66. Rg2+ Kf4 67. Nc2 Ra8 68. Rg3 Ne5 69. Rg2 Nf3+ 70. Kh1 Rh8+ 0-1

[Event "American Continental Rapid 18th"]
[Site "Medellin"]
[Date "2024.06.01"]
[Round "8"]
[White "Rivera, Ingris"]
[Black "Bravo Mallco, Kate Azumi"]
[Result "1-0"]
[WhiteElo "2160"]
[BlackElo "2080"]
[PlyCount "46"]
[EventDate "2024.06.01"]
[EventType "swiss (rapid)"]
[EventRounds "9"]
[EventCountry "COL"]
[SourceTitle "CBM 220 Extra"]
[Source "ChessBase"]
[SourceDate "2024.07.31"]
[SourceVersion "1"]
[SourceVersionDate "2024.07.31"]
[SourceQuality "1"]

1. d4 d5 2. c4 c6 3. Nc3 dxc4 4. e3 b5 5. a4 b4 6. Na2 a5 7. Bxc4 Nf6 8. Nf3 e6 9. 0-0 Ba6 10. Bxa6 Nxa6 11. b3 Be7 12. Bb2 c5 13. Rc1 0-0 14. Qe2 Qd5 15. Rc4 Ne4 16. Nc1 Rfc8 17. dxc5 Naxc5 18. Rd1 Qh5 19. h3 f6 20. Nd3 Nxd3 21. Qxd3 Rd8 22. Rd4 Qf5 23. Rc1 Rxd4 1-0

[Event "American Continental 18th"]
[Site "Medellin"]
[Date "2024.05.31"]
[Round "10"]
[White "Alpala Mejia, David Mauricio"]
[Black "Bravo Mallco, Kate Azumi"]
[Result "0-1"]
[WhiteElo "1859"]
[BlackElo "2030"]
[PlyCount "46"]
[EventDate "2024.05.24"]
[EventType "swiss"]
[EventRounds "11"]
[EventCountry "COL"]
[SourceTitle "CBM 220 Extra"]
[Source "ChessBase"]
[SourceDate "2024.07.31"]
[SourceVersion "1"]
[SourceVersionDate "2024.07.31"]
[SourceQuality "1"]

1. e4 c5 2. Nf3 d6 3. d4 cxd4 4. Nxd4 Nf6 5. Nc3 Nc6 6. Bg5 e6 7. Qd2 a6 8. 0-0-0 Bd7 9. f4 Be7 10. Bxf6 Bxf6 11. Nxc6 Bxc6 12. Bd3 Qa5 13. Kb1 Qb4 14. g4 Rc8 15. g5 Bd4 16. a3 Qb6 17. b3 Be3 18. Qe2 Bd7 19. Bc4 Bxf4 20. Rhf1 Be5 21. Rf3 Qa5 22. Rd5 exd5 23. Nxd5 Bg4 0-1

[Event "American Continental Blitz 18th"]
[Site "Medellin"]
[Date "2024.05.29"]
[Round "8"]
[White "Gonzalez Gonzalez, Guillermo David"]
[Black "Bravo Mallco, Kate Azumi"]
[Result "0-1"]
[WhiteElo "1690"]
[BlackElo "2030"]
[PlyCount "25"]
[EventDate "2024.05.29"]
[EventType "swiss (blitz)"]
[EventRounds "9"]
[EventCountry "COL"]
[SourceTitle "CBM 220 Extra"]
[Source "ChessBase"]
[SourceDate "2024.07.31"]
[SourceVersion "1"]
[SourceVersionDate "2024.07.31"]
[SourceQuality "1"]

1. d4 d5 2. c4 c6 3. cxd5 cxd5 4. Nc3 Nc6 5. Nf3 Nf6 6. Bf4 a6 7. e3 Bg4 8. Be2 e6 9. 0-0 Bd6 10. Bxd6 Qxd6 11. h3 Bxf3 12. Bxf3 0-0 13. Rc1 0-1

[Event "American Continental 18th"]
[Site "Medellin"]
[Date "2024.05.29"]
[Round "8"]
[White "Lopez, Ricardo Andres"]
[Black "Bravo Mallco, Kate Azumi"]
[Result "1/2-1/2"]
[WhiteElo "1837"]
[BlackElo "2030"]
[PlyCount "74"]
[EventDate "2024.05.24"]
[EventType "swiss"]
[EventRounds "11"]
[EventCountry "COL"]
[SourceTitle "CBM 220 Extra"]
[Source "ChessBase"]
[SourceDate "2024.07.31"]
[SourceVersion "1"]
[SourceVersionDate "2024.07.31"]
[SourceQuality "1"]

1. e4 c5 2. d4 cxd4 3. c3 dxc3 4. Nxc3 Nc6 5. Nf3 d6 6. Bc4 a6 7. 0-0 Nf6 8. Be3 e6 9. Rc1 Bd7 10. Qe2 Be7 11. Rfd1 0-0 12. Bb3 b5 13. Bf4 e5 14. Bg5 Rc8 15. Bxf6 Bxf6 16. Rxd6 Nd4 17. Nxd4 exd4 18. e5 Qc7 19. Rd1 Rce8 20. R6xd4 Bc6 21. f4 Qa7 22. Kh1 g5 23. Qh5 Bg7 24. Qxg5 Kh8 25. Qh4 Rg8 26. Nd5 Qc5 27. R4d2 Re6 28. Nf6 Bxf6 29. exf6 Rd6 30. Qf2 Bxg2+ 31. Qxg2 Rxg2 32. Rxd6 Rg8 33. Bxf7 Rf8 34. Bb3 Qf2 35. f7 Qf3+ 36. Kg1 Qxf4 37. R6d3 h6 1/2-1/2

[Event "American Continental 18th"]
[Site "Medellin"]
[Date "2024.05.26"]
[Round "4"]
[White "Bravo Mallco, Kate Azumi"]
[Black "Mendoza Gomez, Juana Fernanda"]
[Result "1-0"]
[WhiteElo "2030"]
[BlackElo "1761"]
[PlyCount "52"]
[EventDate "2024.05.24"]
[EventType "swiss"]
[EventRounds "11"]
[EventCountry "COL"]
[SourceTitle "CBM 220 Extra"]
[Source "ChessBase"]
[SourceDate "2024.07.31"]
[SourceVersion "1"]
[SourceVersionDate "2024.07.31"]
[SourceQuality "1"]

1. e4 c5 2. Nf3 Nc6 3. d4 cxd4 4. Nxd4 Nf6 5. Nc3 e5 6. Ndb5 d6 7. Bg5 a6 8. Bxf6 gxf6 9. Na3 b5 10. Nd5 Bg7 11. Bd3 Ne7 12. Nxe7 Qxe7 13. 0-0 0-0 14. c4 f5 15. exf5 e4 16. f6 Bxf6 17. Re1 Bf5 18. Bxe4 Bxe4 19. Qg4+ Bg7 20. Rxe4 f5 21. Rxe7 fxg4 22. Rd1 Bxb2 23. Nc2 Be5 24. Ne3 h5 25. c5 Rad8 26. c6 Rc8 1-0

[Event "American Continental 18th"]
[Site "Medellin"]
[Date "2024.05.25"]
[Round "3"]
[White "Brito Carrascal, Camilo Andres"]
[Black "Bravo Mallco, Kate Azumi"]
[Result "1-0"]
[WhiteElo "1833"]
[BlackElo "2030"]
[PlyCount "157"]
[EventDate "2024.05.24"]
[EventType "swiss"]
[EventRounds "11"]
[EventCountry "COL"]
[SourceTitle "CBM 220 Extra"]
[Source "ChessBase"]
[SourceDate "2024.07.31"]
[SourceVersion "1"]
[SourceVersionDate "2024.07.31"]
[SourceQuality "1"]

1. e4 c5 2. Nf3 d6 3. d4 cxd4 4. Nxd4 Nf6 5. Nc3 e6 6. g4 h6 7. Rg1 Nc6 8. Be3 Be7 9. Be2 a6 10. Qd2 Qc7 11. h4 d5 12. exd5 Nxd5 13. Nxd5 exd5 14. 0-0-0 Bd7 15. Kb1 0-0-0 16. Nxc6 Bxc6 17. Bf4 Bd6 18. Bxd6 Qxd6 19. Qd4 Rhe8 20. Bf3 Re5 21. a3 Rde8 22. h5 g5 23. c4 Rd8 24. cxd5 Bxd5 25. Qa7 Bxf3 26. Rxd6 Rxd6 27. Qa8+ Kd7 28. Qf8 Rf6 29. Rc1 Be4+ 30. Ka1 Bc6 31. Rd1+ Bd5 32. Kb1 Rd6 33. Rc1 Be4+ 34. Ka1 Ke6 35. Qxh6+ f6 36. Qf8 Rd7 37. Qg8+ Kd6 38. h6 Rd5 39. Re1 Bh7 40. Qb8+ Kc6 41. Re6+ Kb5 42. Ka2 Rd1 43. a4+ Kxa4 44. b3+ Kb5 45. Re2 Bb1+ 46. Kb2 Bd3 47. Re3 Bg6 48. Re2 Bd3 49. Qe8 Bxe2 50. Qxe2+ Kb6 51. Qe3+ Kc6 52. h7 Rxh7 53. Qe4+ Kb6 54. Qxh7 Rd2+ 55. Kc3 Rxf2 56. Qd7 Rf3+ 57. Kc4 Rf4+ 58. Kd5 a5 59. Qd6+ Ka7 60. Qc5+ Ka6 61. Qd6+ Ka7 62. Qd8 Ka6 63. Kc5 Ka7 64. Qxa5+ Kb8 65. Qd8+ Ka7 66. Qd7 Ka6 67. Qe6+ Ka7 68. Kb5 Kb8 69. b4 Ka7 70. Kc5 Rf1 71. Kb5 Rf4 72. Qe3+ Kb8 73. Qc5 Re4 74. Qf8+ Ka7 75. Qxf6 Rxg4 76. Qf5 Rh4 77. Qc5+ Ka8 78. Qxg5 Rh8 79. Kb6 1-0

[Event "Swiss Queens Wed #3"]
[Site "FIDE Online Arena INT"]
[Date "2024.02.14"]
[Round "8"]
[White "Bravo Mallco, Kate Azumi"]
[Black "Babiy, Olga"]
[Result "0-1"]
[WhiteElo "2084"]
[BlackElo "2303"]
[PlyCount "42"]
[EventDate "2024.02.14"]
[EventType "swiss (blitz)"]
[EventRounds "11"]
[EventCountry "NET"]
[SourceTitle "CBM 218 Extra"]
[Source "ChessBase"]
[SourceDate "2024.03.31"]
[SourceVersion "1"]
[SourceVersionDate "2024.03.31"]
[SourceQuality "1"]

1. e4 c6 2. d4 d5 3. e5 Bf5 4. g4 Be4 5. f3 Bg6 6. e6 Qd6 7. exf7+ Bxf7 8. f4 Nd7 9. Bd3 c5 10. dxc5 Qxc5 11. Qe2 0-0-0 12. Nf3 h5 13. g5 e5 14. fxe5 Be6 15. Nc3 Bg4 16. Bf4 Be7 17. 0-0-0 Rf8 18. Nxd5 Qxd5 19. Bf5 Qxf3 20. Bxd7+ Kb8 21. Qc4 Qxf4+ 0-1

[Event "Iberoamerican-ch 9th"]
[Site "Panama City"]
[Date "2023.12.02"]
[Round "9"]
[White "Bravo Mallco, Kate Azumi"]
[Black "Fascio Outerbridge, Arno Augusto"]
[Result "1/2-1/2"]
[WhiteElo "2004"]
[BlackElo "1664"]
[PlyCount "160"]
[EventDate "2023.11.25"]
[EventType "swiss"]
[EventRounds "9"]
[EventCountry "PAN"]
[SourceTitle "EXT 2025"]
[Source "ChessBase"]
[SourceDate "2024.10.14"]
[SourceVersion "1"]
[SourceVersionDate "2024.10.14"]
[SourceQuality "1"]

1. e4 c5 2. Nf3 d6 3. d4 cxd4 4. Nxd4 Nf6 5. f3 g6 6. c4 Bg7 7. Nc3 0-0 8. Be3 Nc6 9. Qd2 Nxd4 10. Bxd4 Nd7 11. Be3 a5 12. b3 Nb6 13. Rc1 Be6 14. Nb5 a4 15. b4 Rc8 16. Na3 f5 17. exf5 gxf5 18. Bd3 d5 19. Bxb6 Qxb6 20. c5 Qc7 21. 0-0 f4 22. Rfe1 Bd4+ 23. Kh1 Be3 24. Rxe3 fxe3 25. Qxe3 Rf6 26. Re1 Kf7 27. g3 d4 28. Qxd4 Rd8 29. Qh4 h6 30. Nc4 Rd5 31. Qe4 Rg5 32. Ne5+ Rxe5 33. Qxe5 Qxe5 34. Rxe5 Rxf3 35. Be4 Ra3 36. Bxb7 Rxa2 37. c6 Rc2 38. Ra5 Bb3 39. b5 Rc5 40. Kg1 Bc4 41. Kf2 a3 42. Rxa3 Bxb5 43. Ra5 Rc2+ 44. Kf3 Bxc6+ 45. Bxc6 Rxc6 46. Kg4 Kg6 47. Re5 Rc4+ 48. Kf3 Kf6 49. Ra5 Rc2 50. Ra6+ e6 51. h3 Rc3+ 52. Kg4 Rc4+ 53. Kh5 Rc3 54. Kh4 Rc4+ 55. g4 Rc5 56. Ra3 Kg6 57. Re3 Kf6 58. Kg3 Rd5 59. h4 Rc5 60. Kf4 Rc4+ 61. Re4 Rc5 62. Ra4 Rb5 63. Ke4 Rc5 64. Rd4 Ra5 65. Rb4 Rc5 66. Kd4 Rd5+ 67. Kc4 Ke5 68. Kc3 Ra5 69. Kb2 Rd5 70. Kc3 Rd1 71. Rb5+ Kf4 72. Rh5 Kxg4 73. Rxh6 e5 74. h5 Rh1 75. Kd3 Kf5 76. Rh8 Rh3+ 77. Kd2 Kg5 78. Ke2 Rxh5 79. Rxh5+ Kxh5 80. Ke3 Kg5 1/2-1/2

[Event "Iberoamerican-ch 9th"]
[Site "Panama City"]
[Date "2023.12.01"]
[Round "8"]
[White "Baules Rodriguez, Jorge Luis"]
[Black "Bravo Mallco, Kate Azumi"]
[Result "1-0"]
[WhiteElo "2283"]
[BlackElo "2004"]
[PlyCount "105"]
[EventDate "2023.11.25"]
[EventType "swiss"]
[EventRounds "9"]
[EventCountry "PAN"]
[SourceTitle "CBM 217 Extra"]
[Source "ChessBase"]
[SourceDate "2024.01.31"]
[SourceVersion "1"]
[SourceVersionDate "2024.01.31"]
[SourceQuality "1"]

1. e4 c5 2. Nf3 Nc6 3. d4 cxd4 4. Nxd4 Nf6 5. Nc3 e6 6. Ndb5 Bb4 7. a3 Bxc3+ 8. Nxc3 d5 9. exd5 exd5 10. Bd3 0-0 11. 0-0 d4 12. Ne2 Bg4 13. h3 Bxe2 14. Bxe2 Qb6 15. Bf3 Ne5 16. Bf4 Nxf3+ 17. Qxf3 Rac8 18. Be5 Rxc2 19. Qd3 Rxb2 20. Bxd4 Rd8 21. Rad1 Rb3 22. Qc2 Qe6 23. Rfe1 Rc8 24. Bc5 Rb5 25. Rxe6 fxe6 26. Qe2 Rbxc5 27. Qxe6+ Kh8 28. Kh2 h6 29. Rd3 Rc3 30. a4 b6 31. Qf5 R3c5 32. Qg6 R5c6 33. Re3 R8c7 34. Qd3 Rc5 35. Re6 R5c6 36. Re5 Rc5 37. f4 Kg8 38. Re2 Rd5 39. Qb3 Kh7 40. g4 Rcd7 41. Rg2 Rd2 42. g5 hxg5 43. fxg5 Rxg2+ 44. Kxg2 Ne4 45. h4 Nc5 46. Qc2+ Kg8 47. h5 Rd4 48. Qf5 Rd8 49. g6 Rf8 50. Qd5+ Kh8 51. a5 Rg8 52. Qf7 bxa5 53. h6 1-0

[Event "Pan American-ch U20 Girls"]
[Site "Vila Santa Cecilia"]
[Date "2023.11.10"]
[Round "8"]
[White "De Freitas, Isabella Ribeiro Co"]
[Black "Bravo Mallco, Kate Azumi"]
[Result "0-1"]
[WhiteElo "1867"]
[BlackElo "2004"]
[PlyCount "88"]
[EventDate "2023.11.06"]
[EventType "tourn"]
[EventRounds "9"]
[EventCountry "BRA"]
[SourceTitle "CBM 217 Extra"]
[Source "ChessBase"]
[SourceDate "2024.01.31"]
[SourceVersion "1"]
[SourceVersionDate "2024.01.31"]
[SourceQuality "1"]

1. c4 e5 2. g3 Nf6 3. Bg2 c6 4. Nf3 e4 5. Nd4 d5 6. cxd5 Qb6 7. e3 cxd5 8. 0-0 Nc6 9. Nxc6 Qxc6 10. d3 Be7 11. Nc3 0-0 12. Qb3 Be6 13. Qb5 Bd7 14. Qxc6 Bxc6 15. f3 Bb4 16. fxe4 dxe4 17. Rxf6 gxf6 18. Nxe4 Bxe4 19. Bxe4 Rac8 20. a3 Ba5 21. b4 Bb6 22. d4 Rfe8 23. Bf5 Bxd4 24. Bxc8 Bxa1 25. Bxb7 Rd8 26. Bf3 Rc8 27. Bd2 Bc3 28. Bxc3 Rxc3 29. Kf2 Rxa3 30. b5 Ra2+ 31. Be2 Kf8 32. Kf3 Ke7 33. Bd3 Rxh2 34. g4 Kd6 35. Kg3 Rb2 36. Kf4 Kc5 37. Bxh7 Kxb5 38. Bg8 a5 39. Bxf7 a4 40. Kf5 a3 41. e4 Rf2+ 42. Kg6 Kc5 43. Bd5 Kd4 44. Kf7 Ke5 0-1

[Event "Pan American-ch U20 Girls"]
[Site "Vila Santa Cecilia"]
[Date "2023.11.08"]
[Round "5"]
[White "Bravo Mallco, Kate Azumi"]
[Black "Velarde Alarcon, Jhoana"]
[Result "1-0"]
[WhiteElo "2004"]
[BlackElo "1375"]
[PlyCount "63"]
[EventDate "2023.11.06"]
[EventType "tourn"]
[EventRounds "9"]
[EventCountry "BRA"]
[SourceTitle "CBM 217 Extra"]
[Source "ChessBase"]
[SourceDate "2024.01.31"]
[SourceVersion "1"]
[SourceVersionDate "2024.01.31"]
[SourceQuality "1"]

1. e4 c5 2. Nf3 e6 3. d4 cxd4 4. Nxd4 a6 5. Bd3 Bc5 6. Nb3 Ba7 7. Qe2 d6 8. Be3 Bxe3 9. Qxe3 Nc6 10. c4 b6 11. Nc3 Bd7 12. Be2 Nf6 13. Qg3 Qe7 14. Rd1 Ne5 15. f4 Nc6 16. e5 dxe5 17. fxe5 Ng8 18. Qxg7 0-0-0 19. 0-0 Nxe5 20. Qxe5 f6 21. Qe3 Kb7 22. Bf3+ Ka7 23. c5 Rb8 24. cxb6+ Rxb6 25. Na5 Nh6 26. Nc4 Rhb8 27. Nxb6 Rxb6 28. Nd5 Qd8 29. Nxb6 Nf5 30. Nc8+ Kb8 31. Qa7+ Kxc8 32. Qb7# 1-0

[Event "Pan American-ch U20 Girls"]
[Site "Vila Santa Cecilia"]
[Date "2023.11.08"]
[Round "4"]
[White "Rozas Lazcano, Valeska"]
[Black "Bravo Mallco, Kate Azumi"]
[Result "1/2-1/2"]
[WhiteElo "1650"]
[BlackElo "2004"]
[PlyCount "113"]
[EventDate "2023.11.06"]
[EventType "tourn"]
[EventRounds "9"]
[EventCountry "BRA"]
[SourceTitle "CBM 217 Extra"]
[Source "ChessBase"]
[SourceDate "2024.01.31"]
[SourceVersion "1"]
[SourceVersionDate "2024.01.31"]
[SourceQuality "1"]

1. e4 c5 2. Nc3 Nc6 3. Bb5 Nd4 4. a4 a6 5. Bc4 e6 6. d3 Ne7 7. Nf3 Nec6 8. Nxd4 Nxd4 9. 0-0 d6 10. Be3 Be7 11. Ba2 0-0 12. Ne2 Nxe2+ 13. Qxe2 d5 14. f4 b5 15. Bb1 Bb7 16. exd5 Bxd5 17. c3 Qc7 18. Bc2 Rfe8 19. Qf2 b4 20. c4 Bb7 21. b3 Rad8 22. Rad1 Qc6 23. Rd2 Rd7 24. Bd1 Qc7 25. Be2 Rc8 26. Rfd1 Bf6 27. d4 cxd4 28. Bxd4 Bxd4 29. Rxd4 Rcd8 30. h3 g6 31. Rxd7 Rxd7 32. Rxd7 Qxd7 33. Qe3 a5 34. Qb6 Kg7 35. Kf1 e5 36. Qxa5 exf4 37. Qe5+ f6 38. Qxf4 g5 39. Qe3 Qf5+ 40. Kg1 Qd7 41. c5 Bc6 42. Bc4 h5 43. Kf2 h4 44. Qd3 Qxd3 45. Bxd3 Kf8 46. Bb5 Bd5 47. c6 Ke7 48. a5 Kd6 49. a6 Bxc6 50. Bxc6 Kxc6 51. g3 hxg3+ 52. Kxg3 f5 53. h4 f4+ 54. Kg4 gxh4 55. Kxh4 Kb6 56. Kg4 Kxa6 57. Kxf4 1/2-1/2